Normal view MARC view
  • Beethoven, Ludwig van,

Entry Nom personal

Number of records used in: 1

001 - NÚMERO DE CONTROL

  • campo de control: 167711

003 - IDENTIFICADOR DEL NÚMERO DE CONTROL

  • campo de control: ES-BaIT

005 - FECHA Y HORA DE LA ÚLTIMA TRANSACCIÓN

  • campo de control: 20251029134533.0

008 - DATOS DE LONGITUD FIJA

  • campo de control de longitud fija: 251029|| aca||aabn | a|a d

040 ## - FUENTE DE LA CATALOGACIÓN

  • Centro catalogador/agencia de origen: ES-BaIT

100 1# - ENCABEZAMIENTO-NOMBRE DE PERSONA

  • Nombre de persona: Beethoven, Ludwig van,
  • Fechas asociadas al nombre: 1770-1827
  • Subdivisión general: Adaptacions coreogràfiques i de vídeo

Powered by Koha